| 000 | 00402cam a22001217a 4500 | ||
|---|---|---|---|
| 008 | 180718b1952 xxu||||| |||| 00| 0 eng d | ||
| 082 | _aA81x54 In2/51/52/2 | ||
| 100 | _aCensus of India 1951 | ||
| 245 | _aIndia: population zones, natural regions, sub-regions and divisions | ||
| 260 |
_aDelhi _bThe Manager of Publications _c1952 |
||
| 300 | _a152+p. | ||
| 440 | _aCensus of India 1951. India. Paper No. 2 | ||
| 999 |
_c483565 _d483565 |
||